| 000 | 01842nam a22002537a 4500 | ||
|---|---|---|---|
| 005 | 20131219123532.0 | ||
| 010 | _aENG-108917 | ||
| 020 |
_a9788120347601 _c550.00 |
||
| 035 | _aEN-92450 | ||
| 037 | _bDBAD/PUB | ||
| 082 |
_a 005.446 _223 |
||
| 100 | _aStanek, William R. | ||
| 245 |
_aMicrosoft Windows 8 administration : _cby William R. Stanek _b pocket consultant / |
||
| 246 | _aWindows 8 administration | ||
| 246 | _aWindows eight administration | ||
| 260 |
_aNew Delhi _bPHI Learning _c2014 |
||
| 270 |
_aRimjhim House,111, Patparganj Industrial Estate, _bNew Delhi _e110092 |
||
| 300 |
_axxii, 649 p. : _c 22 cm(pbk) _bill. |
||
| 500 | _aIncludes index | ||
| 505 | _aIntroduction to Windows 8 administration -- |t Configuring Windows 8 computers -- |t Customizing the desktop and the user interface -- |t Managing firmware, boot configuration, and startup -- |t Configuring user and computer policies -- |t Automating Windows 8 configuration -- |t Managing user access and security -- |t Installing and maintaining applications -- |t Managing hardware devices and drivers -- |t Handling maintenance and support tasks -- |t Using TPM and BitLocker drive encryption -- |t Managing disk drives and file systems -- |t Managing file security and resource sharing -- |t Maintaining data acces and availability -- |t Configuring and troubleshooting TCP/IP networking -- |t Managing mobile networking and remote access. | ||
| 520 | _a Furnishes quick reference answers to questions about day-to-day administration of Windows 8, covering such topics as configuring user and computer policies, automating configuration, managing user access and security, installing and maintaining programs,and handling maintenance and support tasks. | ||
| 650 | _a Operating systems (Computers) | ||
| 942 |
_2ddc _cEN _mSTA _h 005.446 |
||
| 999 |
_c81306 _d81306 |
||